Harry potter names ultimaety hard - Statistics

General Stats
  • This quiz has been taken 2,854 times
    2,736 since last reset
  • The average score is 133 of 178
Answer Stats
First name/Hint Last name % Correct
harry | james | lily potter
100%
hermione granger
99%
arthur | charlie | fred | +6 others weasley
99%
aberforth | albus | ariana | kendra dumbledore
98%
luna | xenophilius lovegood
98%
remus | teddy lupin
98%
regulus | sirius black
97%
alice | augusta | frank | neville longbottom
97%
draco | lucius | narcissa | scorpius malfoy
97%
rubeus hagrid
96%
bellatrix | rabastan | rodolphus lestrange
96%
mary | thomas | tom | tom SR riddle
96%
severus snape
96%
cho chang
95%
dudley | marge | petunia | vernon dursley
95%
minerva mcgonagall
94%
rita skeeter
94%
helga hufflepuff
93%
salazar slytherin
93%
amos | cedric diggory
92%
helena | rowena ravenclaw
92%
alastor moody
91%
padma | parvati patil
91%
horace slughorn
91%
andromeda | nymphadora | ted tonks
91%
dolores umbridge
91%
filius flitwick
90%
godric gryffindor
90%
lavender brown
89%
cornelius fudge
89%
katie bell
88%
vincent crabbe
88%
fleur | gabrielle delacour
88%
gregory goyle
88%
oliver wood
88%
bartemius | bartemius JR crouch
87%
dean thomas
87%
argus filch
86%
pansy parkinson
86%
nicolas flamel
85%
viktor krum
85%
bathilda bagshot
83%
harry's loyal friend and house elf dobby
83%
seamus finnigan
83%
fenrir greyback
83%
lee jordan
83%
colin | dennis creevey
82%
marvolo | merope | morfin gaunt
82%
gilderory lockhart
82%
sybill trelawney
82%
hagrid's pet spider aragog
80%
amelia | susan bones
80%
hannah abbott
79%
peter pettigrew
79%
angelina johnson
78%
mundungus fletcher
77%
quirinus quirrell
76%
blaise zabini
76%
hepzibah | zacharias smith
75%
hermione's pet cat crookshanks
74%
hagrid's dog fang
74%
kingsley shacklebolt
74%
romilda vane
74%
igor karkaroff
73%
olympe maxime
73%
poppy pomfrey
73%
hagrid's pet hippogriff buckbeak
72%
alecto | amycus carrow
72%
ludo bagman
71%
newt scamander
71%
elphias doge
70%
voldemort's snake nagini
70%
dumbledore's phoenix fawkes
69%
marcus flint
69%
cormac mclaggen
69%
pomona sprout
68%
house elf belonging to the black family kreacher
66%
charity burbage
65%
millicent bulstrode
64%
ernie macmillan
64%
ronald's rat scabbers
64%
stan shunpike
64%
terry boot
63%
gellert grindelwald
63%
michivious ghost at hogwarts peeves
63%
alicia spinnet
63%
arabella figg
62%
centaur and professor of divination firenze
61%
hagrid's pet dog fluffy
61%
muggle born killed by a basalisk in the girls bathroom moaning myrtle
61%
hagrid's half brother grawp
60%
hagrid's pet dragon norbert
60%
the weasley's owl errol
59%
dedalus diggle
58%
antioch | cadmus | ignotus peverell
58%
neville's toad trevor
56%
antonin dolohov
54%
goblin that works at gringotts he was killed by voldemort griphook
54%
rufus scrimgeour
54%
rolanda hooch
53%
cat belonging to argus mrs norris
52%
justin finch fletchley
50%
frank bryce
48%
theodore nott
48%
michael corner
47%
garrick ollivander
47%
emmeline vance
47%
marietta edgecombe
45%
portrat that hides the grifindor common room the fat lady
43%
cuthbert binns
42%
ghost of slytherin the bloody baron
41%
pius thicknesse
41%
broderick bode
40%
wilhelmina grubbly plank
39%
sturgis podmore
39%
hastia jones
38%
reginald cattermole
36%
anthony goldstein
36%
marcus belby
35%
dirk cresswell
35%
ghost of hufflepuff the fat friar
35%
molly's aunt muriel
33%
irma pince
33%
demelza robins
32%
augustus rookwood
32%
nicholas de mimsy-porpington
30%
author of wizarding fairy tales beedle the bard
29%
septima vector
29%
owner of the three broomsticks madam rosmerta
28%
jimmy peakes
28%
thorffin rowle
27%
armoured knight's portrat, temporary entrance to the griffindor common room sir cadogan
24%
bathsheda babbling
15%
No matching quizzes found
Score Distribution
Percent of People with Each Score
Percentile by Number Answered
Your Score History
You have not taken this quiz since the last reset